000 01602nam0a2200349 4500
001 RU\NLR\bibl\6548
005 20260406050642.0
010 _a5-09-007495-Х
_915000
021 _aRU
_b98-6672
_9319
035 _a(NLR Aleph) 000006375
090 _a18855
_c18855
100 _a19981026d1997 |||y0rusy50 ca
101 0 _arus
102 _aRU
105 _a|||||||||||||
200 1 _aЗадания для подготовки к выпускному экзамену по алгебре и началам анализа
_eКн. для учащихся 11 кл. общеобразоват. учреждений
_f[Е.А. Семенко, С.Д. Некрасов, Г.Н. Титов и др.]
210 _aМ.
_cПросвещение
_d1997
215 _a190 с.
_cил.
_d21
300 _aНа обл.: Задания по алгебре и началам анализа: Для подгот. к выпуск. экзамену
320 _aБиблиогр.: с. 188-189
512 1 _aЗадания по алгебре и началам анализа
606 0 _aАлгебра
_jЗадачники
_9922117
_3RU\NLR\auth\6619328
606 0 _aМатематический анализ
_jЗадачники
_9963473
_3RU\NLR\auth\6641277
686 _aВ151я721-4
686 _aВ161.1я721-4
701 1 _4070
_8rus
_7ca
_aСеменко
_bЕ. А.
_gЕкатерина Алексеевна
_3RU\NLR\auth\776097
_9116052
801 0 _aRU
_bNLR
_c19981026
_gPSBO
801 1 _aRU
_bNLR
_c19981026
830 _aАвт. раскрыт по кн.
852 _aNLR
_j98-3/3122
942 _cBOOK
980 _aNB